000 01900cam a22003854i 4500
003 PE-LiUPU
005 20250731173058.0
008 150623s r 000 0 d
040 _bspa
_cPE-LiUPU
_dPE-LiUPU
_erda
082 0 4 _a296
_bG464p
_220
100 1 _aGilbert, Frederick Carnes,
_d1867-1946,
_eautor.
245 1 0 _aPractical lessons from the experience of Israel for the church of to-day /
_cFrederick Carnes Gilbert.
264 1 _aNashville, Tennessee :
_bSouthern Publishing Association,
_c1972.
300 _a826 páginas :
_bilustraciones ;
_c21 centímetros.
504 _aContiene index de la página 793 a la 826.
505 0 _aGod's purpose with the Jews. -The talmudic writings. Their origin. -The different sects of jews, and their belief. -The sect of the pharisees. -The teachings of Christ versus the teaching of the rabbis. -The wearing of the garment and the phylacteries. - Jesus teaching the law. -What the jwes might have known. -Art thou the Christ, the son of the Blessed?. -God's purpose in building the sanctuary. -Why the law was given on Sinai. -The articles of furniture in the sanctuary -. -The priesthood and the offerings. -The festivals and the feasts. -The festivals and the fasts. -A remarkable prophecy, and its fulfillment. -The yoke of Bondage. -The value and inspiration of the scriptures.
526 _aSEG42
526 _aSEG41
526 _aSEG40
526 _aSEG39
526 _aP94
526 _aP87
526 _aP86
526 _aP85
526 _aP77
526 _aP76
526 _aP35
650 0 _aCristianismo y otras religiones
_xJudaísmo
_91491
650 0 _aJudaísmo
_91492
650 0 _aCristianismo
_9211
650 0 _aRelaciones interreligiosas
_91493
942 _2ddc
_cBK
980 _81
_gALBERTO SANCHEZ Responsable de Automatización
999 _c27835
_d27835